Statistics for Common Sayings

Click here to take the quiz!

General Stats

  • This quiz has been taken 1,458 times
  • The average score is 9 of 15

Answer Stats

HintAnswer% Correct
____ is always greener on the other side of the fencegrass
92%
Easy as ____pie
89%
__ marks the spotX
89%
One man's trash is another man's ____treasure
88%
Cheaters never win and winners never____cheat
87%
Don't spill the ____beans
77%
Cut to the ____chase
77%
Clean as a ____whistle
68%
Rule of ____thumb
66%
A bird in the ___ is worth two in the bushhand
59%
Cold enough to freeze the ____ of a brass monkeyballs
34%
____ the goose that lays the golden eggkill
28%
____ as brassbold
25%
Not a ____ in hell's chancecat
17%
It's all over but the ____crying
8%

Score Distribution

Percentile by Number Answered

Percent of People with Each Score

Your Score History

You have not taken this quiz